| 000 | 00723nam a2200193 a 4500 | ||
|---|---|---|---|
| 001 | 000031268 | ||
| 005 | 20200930062819.0 | ||
| 008 | 110617s2006 dr ab 000 0 spa d | ||
| 040 |
_aDO-SdBNP _bspa _cBNPHU |
||
| 082 |
_axxxx _aG943r |
||
| 245 | 0 | 0 |
_aGuía : _brutas de montañas y aguas interiores, República Dominicana / _ctexto Carlos Suriel ; fotografías Ricardo Briones. |
| 260 |
_aSanto Domingo : _bSecretaría de Estado de Turismo _fAmigo del Hogar _c2006. |
||
| 300 |
_a160 p. : _bil., map. ; _c21 cm. |
||
| 504 | _aBibliografía : p. 157-160 | ||
| 700 | 1 |
_aSuriel, Carlos _957735 |
|
| 700 | 1 |
_aBriones, Ricardo _929826 |
|
| 710 | 1 |
_aRepública Dominicana. _bSecretaría de Estado de Turismo _932026 |
|
| 049 | _aBNPD | ||
| 999 |
_c30760 _d30760 |
||